| 000 | 00470nam a2200157Ia 4500 | ||
|---|---|---|---|
| 003 | GCL | ||
| 008 | 140319s9999 xx 000 0 ara d | ||
| 040 |
_aGCL / _cGCL |
||
| 082 | 0 | 4 |
_a650.1 _bا ا |
| 100 | 1 | _aابراهيم الفقى | |
| 245 | 1 | 0 |
_aاسرار قادة التميز / _cابراهيم الفقى |
| 700 | 1 | _aاميرة نبيل عرفة | |
| 700 | 1 | _aعبدالرحمن توفيق | |
| 300 | _a352 ص | ||
| 490 |
_aسلسلة اصدارات بميك _v0 |
||
| 999 |
_c48263 _d48263 |
||